【E3】九州道と交差する鉄道路線 - Statistics

General Stats
  • This quiz has been taken 96 times
  • The average score is 13 of 18
Answer Stats
路線 交差区間 % Correct
JR鹿児島本線 水城〜都府楼南けやき台〜原田
100%
九州新幹線 川内〜鹿児島中央
87%
JR久大本線 久留米大学前〜御井
87%
JR豊肥本線 竜田口〜武蔵塚
86%
JR日豊本線 安部山公園〜下曽根
84%
JR肥薩線 段〜坂本大隈横川〜植村
84%
JR筑豊本線 鞍手〜筑前植木
83%
山陽新幹線 博多〜小倉
72%
甘鉄甘木線 立野
71%
西鉄天神大牟田線 下大利〜都府楼前宮の陣〜味坂
70%
JR吉都線 京町温泉〜えびの
68%
JR日田彦山線 志井公園〜志井
67%
JR篠栗線 長者原〜門松
67%
JR香椎線 酒殿〜須恵
64%
西鉄甘木線 五郎丸〜学校前
62%
くま川鉄道湯前線 相良藩願成寺〜川村
58%
筑豊電鉄線 新木屋瀬〜木屋瀬
55%
熊本電鉄菊池線 三ツ石〜黒石
42%
No matching quizzes found
Score Distribution
Percent of People with Each Score
Percentile by Number Answered
Your Score History
You have not taken this quiz